[Event "XXIX Festival Isola d'Elba A"]
[Site "Capoliveri ITA"]
[Date "2011.05.10"]
[Round "5"]
[White "Horton-Kitchlew, Andrew"]
[Black "Arigoni, Bruno"]
[Result "0-1"]
[WhiteElo "2100"]
[BlackElo "2071"]
[PlyCount "93"]
[EventDate "2011.05.07"]

1. e4 e5 2. f4 d5 3. d4 exf4 4. Bxf4 dxe4 5. Bc4 Nf6 6. c3 Be7 7. Ne2 O-O 8.
O-O Nbd7 9. Ng3 Nb6 10. Bb3 Bg4 11. Qe1 c5 12. Be5 Nbd5 13. Nxe4 Rc8 14. c4 Nb4
15. Bxf6 gxf6 16. d5 f5 17. Qg3 Bh4 18. Qf4 Nd3 19. Qe3 fxe4 20. Qxe4 Nf2 21.
Qf4 Qf6 22. Rxf2 Bxf2+ 23. Qxf2 Qxf2+ 24. Kxf2 Rfd8 25. h3 Bf5 26. Nc3 a6 27.
g4 Bg6 28. a4 Rd6 29. Re1 Kf8 30. h4 Rb6 31. Bd1 Rxb2+ 32. Kg3 Re8 33. Rxe8+
Kxe8 34. a5 Rd2 35. Kf4 Ke7 36. h5 Rd4+ 37. Kg5 Bd3 38. Be2 Bxe2 39. Nxe2 Rxc4
40. Kf5 Ra4 41. g5 Rxa5 42. Ke5 c4 43. Kd4 Ra2 44. Nc3 Rg2 45. Ne4 Rg4 46. Ke5
Rxe4+ 47. Kxe4 0-1

[Event "XXIX Festival Isola d'Elba A"]
[Site "Capoliveri ITA"]
[Date "2011.05.10"]
[Round "5"]
[White "Guerrini, Donato"]
[Black "De Giorgis, Georges"]
[Result "1-0"]
[WhiteElo "2011"]
[BlackElo "1758"]
[PlyCount "85"]
[EventDate "2011.05.07"]

1. Nf3 c5 2. g3 Nc6 3. Bg2 e6 4. d3 Nf6 5. c4 d5 6. Na3 a6 7. O-O d4 8. Nc2 e5
9. e4 Be7 10. Bd2 O-O 11. a3 a5 12. b4 axb4 13. axb4 Rxa1 14. Qxa1 Bg4 15. bxc5
Bxf3 16. Bxf3 Bxc5 17. Rb1 b6 18. Qa4 Qa8 19. Qb5 Na7 20. Qb3 Nc6 21. Bg2 h6
22. f4 Ng4 23. Bh3 Ne3 24. Ne1 f6 25. Be6+ Kh8 26. f5 Qd8 27. Nf3 Qc7 28. Nh4
Kh7 29. Ng6 Qd6 30. Nxf8+ Qxf8 31. Qb5 Nd8 32. Qd7 Nxe6 33. fxe6 Qe7 34. Qxe7
Bxe7 35. Rxb6 Bc5 36. Rc6 Ba3 37. c5 Kg6 38. e7 Kf7 39. Re6 Ke8 40. c6 Bxe7 41.
c7 Kd7 42. Rxe7+ Kc8 43. Ba5 1-0

[Event "XXIX Festival Isola d'Elba A"]
[Site "Capoliveri ITA"]
[Date "2011.05.10"]
[Round "5"]
[White "De Zaiacomo, Tonino"]
[Black "Kopischke, Maik"]
[Result "1/2-1/2"]
[WhiteElo "1715"]
[BlackElo "1890"]
[PlyCount "187"]
[EventDate "2011.05.07"]

1. d4 Nf6 2. c4 c5 3. e3 g6 4. Nc3 Bg7 5. Nf3 O-O 6. Bd2 cxd4 7. exd4 d5 8. Rc1
Nc6 9. cxd5 Nxd5 10. Nxd5 Qxd5 11. Bc4 Qe4+ 12. Be3 Bg4 13. Bd3 Qd5 14. Bc4
Qa5+ 15. Bd2 Qh5 16. Be2 Rfd8 17. Rc5 Rd5 18. Rxd5 Qxd5 19. Bc3 Qxa2 20. O-O
Qd5 21. b3 e6 22. h3 Bxf3 23. Bxf3 Qd7 24. Qa1 Nxd4 25. Qd1 Nxf3+ 26. Qxf3 Bxc3
27. Qxc3 Qc8 28. Qa1 a6 29. Rd1 Qc6 30. Qb2 Qc7 31. Qf6 b5 32. b4 Re8 33. Qa1
Qb6 34. Qf6 Qa7 35. Kh2 Qe7 36. Qb2 Rd8 37. Rc1 Qd6+ 38. Kg1 e5 39. Re1 f6 40.
Qa2+ Kg7 41. Rf1 h5 42. Ra1 Ra8 43. Qa3 g5 44. Qf3 Ra7 45. Qxh5 Qxb4 46. Rd1
Qe7 47. Rc1 Qf7 48. Qf3 a5 49. g4 b4 50. Rb1 Qb7 51. Qg3 a4 52. h4 gxh4 53.
Qxh4 Qe4 54. Rd1 Qh7 55. Qg3 Qg6 56. Rd8 a3 57. Qh3 Qh7 58. Qe3 Rb7 59. Qc5 a2
60. Qf8+ Kg6 61. Ra8 Ra7 62. Qe8+ Kg5 63. Rxa7 Qb1+ 64. Kh2 Kxg4 65. Qd7+ Kf3
66. Qd5+ Kf4 67. Qd2+ Kf5 68. Rxa2 e4 69. Ra5+ Kg6 70. Qe2 f5 71. Ra6+ Kg5 72.
Qe3+ f4 73. Qc5+ Kg4 74. Rg6+ Kf3 75. Qh5+ Kxf2 76. Rg2+ Ke3 77. Qc5+ Kd3 78.
Qd5+ Kc3 79. Qe5+ Kb3 80. Qxf4 Qe1 81. Qf7+ Kc3 82. Rg3+ Kd4 83. Qd7+ Kc5 84.
Rg5+ Kc4 85. Qc6+ Kb3 86. Rg3+ Kb2 87. Rg2+ Ka3 88. Qa6+ Kb3 89. Qa2+ Kc3 90.
Rg3+ e3 91. Qd5 Qf2+ 92. Rg2 Qh4+ 93. Kg1 Qe1+ 94. Kh2 1/2-1/2

[Event "XXIX Festival Isola d'Elba A"]
[Site "Capoliveri ITA"]
[Date "2011.05.10"]
[Round "5"]
[White "Simeone, Giulio"]
[Black "Fantana, Marin-Dumitru"]
[Result "1/2-1/2"]
[WhiteElo "1869"]
[BlackElo "1914"]
[PlyCount "97"]
[EventDate "2011.05.07"]

1. c4 e5 2. Nc3 Nf6 3. Nf3 Nc6 4. e3 Bb4 5. Qc2 O-O 6. Nd5 Bc5 7. Be2 h6 8. O-O
d6 9. a3 a5 10. Rd1 Bg4 11. d4 Bxf3 12. dxc5 Bxe2 13. Qxe2 dxc5 14. Nb6 Nd4 15.
exd4 cxb6 16. dxc5 Qc7 17. cxb6 Qxb6 18. Qxe5 Rfe8 19. Be3 Qb3 20. Qb5 Qc2 21.
Rd2 Qe4 22. h3 Re5 23. Qb6 Re6 24. Rd8+ Ne8 25. Qd4 Rxd8 26. Qxd8 Kh7 27. Qd4
Qc6 28. b4 axb4 29. axb4 Re4 30. b5 Qxc4 31. Qxc4 Rxc4 32. b6 f5 33. g3 g5 34.
Ra7 Nd6 35. f3 f4 36. Bf2 Kg6 37. Kf1 Rc2 38. g4 Kf7 39. Bd4 Rc6 40. Ke2 Kg6
41. Bg1 Rc1 42. Bf2 Rc2+ 43. Ke1 Kf7 44. Bd4 Rc6 45. Kd2 Kg6 46. Bf2 Kf7 47.
Kd3 Ke6 48. Bg1 Rc1 49. Bf2 1/2-1/2

[Event "XXIX Festival Isola d'Elba A"]
[Site "Capoliveri ITA"]
[Date "2011.05.11"]
[Round "6"]
[White "Istratescu, Andrei"]
[Black "Schaefer, Michael"]
[Result "1-0"]
[WhiteElo "2623"]
[BlackElo "2248"]
[PlyCount "51"]
[EventDate "2011.05.07"]

1. e4 d6 2. d4 Nf6 3. f3 Nbd7 4. Be3 e5 5. d5 Be7 6. Qd2 O-O 7. Ne2 Ne8 8. c4
g6 9. Nbc3 f5 10. exf5 gxf5 11. f4 c5 12. O-O-O a6 13. g4 fxg4 14. h3 g3 15.
Ne4 b5 16. N2xg3 Ng7 17. h4 exf4 18. Bxf4 Nf6 19. Rg1 Kh8 20. Bh6 Rg8 21. Ng5
Qe8 22. Re1 Nf5 23. Nxf5 Bxf5 24. Qf4 Rg6 25. Qxf5 Rxh6 26. Qe6 1-0

[Event "XXIX Festival Isola d'Elba A"]
[Site "Capoliveri ITA"]
[Date "2011.05.11"]
[Round "6"]
[White "Bellia, Fabrizio"]
[Black "Laketic, Gojko"]
[Result "1-0"]
[WhiteElo "2415"]
[BlackElo "2442"]
[PlyCount "43"]
[EventDate "2011.05.07"]

1. e4 e5 2. Nf3 Nc6 3. Bb5 Nf6 4. O-O Nxe4 5. d4 Nd6 6. Bxc6 dxc6 7. dxe5 Nf5
8. Qxd8+ Kxd8 9. Nc3 Ke8 10. h3 h5 11. b3 Be6 12. Bb2 Bb4 13. Ne4 Rd8 14. Rad1
Rd7 15. Nfg5 Be7 16. Nxe6 fxe6 17. Nf6+ gxf6 18. exf6 Rf8 19. f7+ Kxf7 20. Rxd7
Rc8 21. Be5 Kg8 22. Rxc7 1-0

[Event "XXIX Festival Isola d'Elba A"]
[Site "Capoliveri ITA"]
[Date "2011.05.11"]
[Round "6"]
[White "Paleologu, Vladimir"]
[Black "Naumkin, Igor"]
[Result "1-0"]
[WhiteElo "2152"]
[BlackElo "2506"]
[PlyCount "53"]
[EventDate "2011.05.07"]

1. e4 e5 2. Nf3 Nc6 3. Bc4 Bc5 4. c3 Nf6 5. Qe2 O-O 6. d3 d6 7. Nbd2 a6 8. h3
Ba7 9. Bb3 Ne7 10. Nf1 Ng6 11. g4 d5 12. Ng3 Nf4 13. Bxf4 exf4 14. Nh5 Nxh5 15.
gxh5 dxe4 16. dxe4 Be6 17. Bxe6 fxe6 18. Rg1 b5 19. h6 g6 20. h4 Qd6 21. Rd1
Qe7 22. h5 Rf6 23. e5 Rf5 24. hxg6 hxg6 25. Rxg6+ Kh8 26. Rg7 Rf7 27. Qe4 1-0

[Event "XXIX Festival Isola d'Elba A"]
[Site "Capoliveri ITA"]
[Date "2011.05.11"]
[Round "6"]
[White "Gromovs, Sergejs"]
[Black "Dittmar, Peter"]
[Result "1/2-1/2"]
[WhiteElo "2311"]
[BlackElo "2307"]
[PlyCount "99"]
[EventDate "2011.05.07"]

1. d4 d5 2. c4 e6 3. Nc3 Nf6 4. Nf3 Be7 5. Bf4 O-O 6. e3 Nbd7 7. Qc2 dxc4 8.
Bxc4 a6 9. a4 c5 10. O-O cxd4 11. exd4 Nb6 12. Bd3 Nbd5 13. Nxd5 Qxd5 14. Be5
h6 15. h3 Bd7 16. Bxf6 Bxf6 17. Be4 Qd6 18. Bxb7 Rab8 19. Be4 Rfc8 20. Qe2 Rb4
21. Bc2 Bxd4 22. Nxd4 Rxd4 23. Rfd1 e5 24. Rxd4 exd4 25. Rd1 g6 26. b3 Be6 27.
Qd2 Kg7 28. b4 Rc4 29. b5 axb5 30. axb5 Qb4 31. Qe2 Qc5 32. Bb3 Rc1 33. Bxe6
Rxd1+ 34. Qxd1 fxe6 35. Qb1 Qb6 36. Kf1 e5 37. f3 Kf6 38. Ke2 Qc5 39. b6 Qc4+
40. Ke1 Qc3+ 41. Kd1 Qc4 42. Ke1 Qc3+ 43. Kd1 Qc4 44. b7 Qf1+ 45. Kc2 Qe2+ 46.
Kc1 Qe1+ 47. Kb2 Qc3+ 48. Ka2 Qa5+ 49. Kb2 Qc3+ 50. Ka2 1/2-1/2

[Event "XXIX Festival Isola d'Elba A"]
[Site "Capoliveri ITA"]
[Date "2011.05.11"]
[Round "6"]
[White "Friedrich, Norbert"]
[Black "Evangelisti, Claudio R."]
[Result "1-0"]
[WhiteElo "2305"]
[BlackElo "2243"]
[PlyCount "109"]
[EventDate "2011.05.07"]

1. e4 d6 2. d4 Nf6 3. Nc3 g6 4. Nf3 Bg7 5. Be2 O-O 6. O-O a6 7. Re1 b5 8. e5
Nfd7 9. e6 fxe6 10. Ng5 Nb6 11. Bf3 b4 12. Ne2 h6 13. Bxa8 Nxa8 14. Ne4 Nb6 15.
a3 Nc6 16. axb4 e5 17. dxe5 Nxe5 18. Nf4 Qe8 19. f3 g5 20. Nd5 Bb7 21. Ndc3 Qh5
22. Rf1 Ned7 23. Qe2 Qg6 24. Rd1 Ne5 25. Kh1 g4 26. f4 Ned7 27. Ra5 e5 28. Rf1
h5 29. Kg1 d5 30. Nc5 Nxc5 31. Rxc5 exf4 32. Rxc7 f3 33. Qd3 Qxd3 34. cxd3 Bd4+
35. Kh1 Ba8 36. Bh6 Rf6 37. Bg7 Be5 38. Bxf6 Bxc7 39. gxf3 d4 40. Ne4 Nd5 41.
Kg1 Nf4 42. fxg4 hxg4 43. Rxf4 Bxf4 44. Bxd4 Bxe4 45. dxe4 Kf7 46. Kg2 Ke6 47.
Bc3 Bc7 48. h3 gxh3+ 49. Kxh3 Bd6 50. Kg4 Bc7 51. Kf3 Bd8 52. Ke3 Bb6+ 53. Kd3
Kd6 54. Kc4 Kc6 55. Bf6 1-0

[Event "XXIX Festival Isola d'Elba A"]
[Site "Capoliveri ITA"]
[Date "2011.05.11"]
[Round "6"]
[White "Arigoni, Bruno"]
[Black "Facchetti, Gianni"]
[Result "1/2-1/2"]
[WhiteElo "2071"]
[BlackElo "2098"]
[PlyCount "151"]
[EventDate "2011.05.07"]

1. Nf3 Nf6 2. d4 d6 3. e3 c6 4. c4 Nbd7 5. Nc3 e5 6. Qc2 Be7 7. Be2 Qc7 8. b3
O-O 9. O-O Re8 10. Bb2 a6 11. a4 a5 12. Rac1 exd4 13. exd4 Nf8 14. Rfd1 Bg4 15.
d5 c5 16. Re1 Ng6 17. Nb5 Qd8 18. h3 Bd7 19. Bd3 Bf8 20. Rxe8 Nxe8 21. Re1 Nc7
22. Nxc7 Qxc7 23. Qc3 Re8 24. Rxe8 Bxe8 25. Bb1 b6 26. Qc2 Be7 27. Qe4 Qd7 28.
h4 Nf8 29. Qf4 Qd8 30. Qg4 g6 31. Qf4 f6 32. Qh6 Qd7 33. Qf4 Qd8 34. Qh6 Qc7
35. h5 Bd8 36. Qd2 Qf7 37. h6 Nd7 38. Nh2 f5 39. Nf3 Bf6 40. Ng5 Qe7 41. Bxf6
Nxf6 42. Ne6 Bf7 43. Ng5 Qe5 44. f3 Kf8 45. Kf2 Bg8 46. g3 Ke8 47. Nh3 Kd7 48.
Ng5 Nh5 49. f4 Qe7 50. Bd3 Nf6 51. Be2 Ne4+ 52. Nxe4 Qxe4 53. Qc3 Qe7 54. Bf3
Ke8 55. Qh8 Qf8 56. Bg2 Kf7 57. Qa1 Qxh6 58. Qe1 Kf8 59. Qe3 Qg7 60. Bf3 Qe7
61. Qc3 Qg7 62. Qe3 Qf6 63. Be2 Bf7 64. Bf3 h6 65. Be2 g5 66. fxg5 hxg5 67. Bf3
Kg7 68. Be2 Kg6 69. Kg2 Qe5 70. Qf3 Qe4 71. Qxe4 fxe4 72. Kf2 Kf5 73. Ke3 Ke5
74. Bd1 Bg6 75. g4 Be8 76. Be2 1/2-1/2

[Event "XXIX Festival Isola d'Elba A"]
[Site "Capoliveri ITA"]
[Date "2011.05.11"]
[Round "6"]
[White "Albanesi, Roberto"]
[Black "Guerrini, Donato"]
[Result "0-1"]
[WhiteElo "1980"]
[BlackElo "2011"]
[PlyCount "64"]
[EventDate "2011.05.07"]

1. e4 e6 2. d4 d5 3. Nc3 Nf6 4. Bg5 Bb4 5. e5 h6 6. exf6 hxg5 7. fxg7 Rg8 8. h4
gxh4 9. Qh5 Qf6 10. a3 Ba5 11. Qh7 Qxg7 12. Qxg7 Rxg7 13. Rxh4 Nd7 14. Rh8+ Nf8
15. Nf3 Bd7 16. g3 O-O-O 17. Bd3 Ng6 18. Rxd8+ Kxd8 19. Kd2 Bb6 20. Rh1 c5 21.
dxc5 Bxc5 22. Ke1 Bc6 23. b4 Bb6 24. Bb5 Kd7 25. Rh2 e5 26. Rh5 f6 27. Nh4 Nxh4
28. Rxh4 Bxb5 29. Nxb5 Ke6 30. Nc3 Rc7 31. Kd2 Bxf2 32. Rg4 Be1+ 0-1

[Event "XXIX Festival Isola d'Elba A"]
[Site "Capoliveri ITA"]
[Date "2011.05.11"]
[Round "6"]
[White "Ricci, Alfredo"]
[Black "Blasco, Domenico"]
[Result "0-1"]
[WhiteElo "1946"]
[BlackElo "1939"]
[PlyCount "106"]
[EventDate "2011.05.07"]

1. e4 g6 2. d4 Bg7 3. Nc3 d6 4. Nf3 a6 5. g3 b5 6. Bg2 Bb7 7. a3 Nd7 8. O-O e6
9. Qe2 Ne7 10. Bf4 O-O 11. e5 d5 12. b4 Bc6 13. Nd2 Qb8 14. Nb3 Nc8 15. Nb1
Ncb6 16. N1d2 Re8 17. Be3 Ra7 18. f4 Nc4 19. Nxc4 bxc4 20. Na5 Qb6 21. c3 Ba4
22. g4 c6 23. f5 exf5 24. gxf5 gxf5 25. Rxf5 Nf8 26. Raf1 Re6 27. Qf2 Qc7 28.
Kh1 Rg6 29. Bf3 Re6 30. Rg1 Ng6 31. Nxc4 dxc4 32. d5 cxd5 33. Bxa7 Bc6 34. Bd4
Bxe5 35. Rxe5 Rxe5 36. Bxe5 Qxe5 37. Qd4 Kf8 38. Qc5+ Ne7 39. Qd4 Qxd4 40. cxd4
Nf5 41. Rd1 Ke7 42. Kg1 Ba4 43. Re1+ Kd6 44. Re5 Ne7 45. Kf2 Bc2 46. Ke1 Bg6
47. Rxe7 Kxe7 48. Bxd5 c3 49. Bc4 Kd6 50. Bxa6 Kd5 51. a4 Kxd4 52. a5 h5 53.
Bb7 Ke3 0-1

[Event "XXIX Festival Isola d'Elba A"]
[Site "Capoliveri ITA"]
[Date "2011.05.11"]
[Round "6"]
[White "Kopischke, Maik"]
[Black "Horton-Kitchlew, Andrew"]
[Result "1/2-1/2"]
[WhiteElo "1890"]
[BlackElo "2100"]
[PlyCount "134"]
[EventDate "2011.05.07"]

1. d4 c5 2. d5 e6 3. c4 Nf6 4. Nc3 d6 5. Nf3 e5 6. e4 Be7 7. Be2 h6 8. Qc2 Bd7
9. O-O g5 10. Ne1 g4 11. Nd3 h5 12. f4 Qc7 13. fxe5 dxe5 14. Bg5 Ng8 15. Qd2 f6
16. Bh4 Na6 17. a3 O-O-O 18. Rab1 Qd6 19. Qe3 Re8 20. Bd1 f5 21. Bxe7 Nxe7 22.
Nb5 Bxb5 23. cxb5 f4 24. Qc1 Nc7 25. Qxc5 Qxc5+ 26. Nxc5 b6 27. Nd3 Ng6 28. Rc1
Kb7 29. a4 Reg8 30. Bb3 Rd8 31. Rc6 Ne7 32. Rc3 f3 33. Nxe5 Nexd5 34. Bxd5+
Nxd5 35. exd5 Rxd5 36. Nc6 Rg5 37. gxf3 gxf3+ 38. Kh1 a6 39. bxa6+ Kxa6 40. b4
b5 41. axb5+ Kxb5 42. Nd4+ Kxb4 43. Rcxf3 Rhg8 44. Nc2+ Kc4 45. Rf4+ Kc3 46.
Ne1 Kb3 47. Rf5 Kc3 48. Rxg5 Rxg5 49. Rg1 Rf5 50. Rg3+ Kd4 51. Kg2 Ke4 52. Kh3
Rc5 53. Ng2 Rc8 54. Kh4 Rd8 55. Re3+ Kf5 56. Rf3+ Ke5 57. Rg3 Ke4 58. Rg5 Kf3
59. h3 Re8 60. Rg3+ Kf2 61. Rg5 Kf3 62. Rg6 Re5 63. Rg3+ Kf2 64. Rg6 Kf3 65.
Rg7 Re8 66. Rg3+ Kf2 67. Rg7 Kf3 1/2-1/2

[Event "XXIX Festival Isola d'Elba A"]
[Site "Capoliveri ITA"]
[Date "2011.05.11"]
[Round "6"]
[White "De Giorgis, Georges"]
[Black "Simeone, Giulio"]
[Result "0-1"]
[WhiteElo "1758"]
[BlackElo "1869"]
[PlyCount "52"]
[EventDate "2011.05.07"]

1. g4 d6 2. Bg2 Nc6 3. h3 e5 4. d3 f5 5. g5 Be7 6. h4 Be6 7. Bxc6+ bxc6 8. f4
Qb8 9. c4 Qb6 10. fxe5 dxe5 11. Nc3 e4 12. e3 Rd8 13. d4 Bxc4 14. Nge2 Bd6 15.
O-O Ne7 16. Kg2 h6 17. g6 Nxg6 18. h5 Nh4+ 19. Kh3 Nf3 20. Rxf3 exf3 21. Nf4
Bxf4 22. exf4 f2 23. Kg3 f1=Q 24. Qxf1 Bxf1 25. Be3 Qxb2 26. Rc1 Qg2+ 0-1

[Event "XXIX Festival Isola d'Elba A"]
[Site "Capoliveri ITA"]
[Date "2011.05.11"]
[Round "6"]
[White "Fantana, Marin-Dumitru"]
[Black "De Zaiacomo, Tonino"]
[Result "1-0"]
[WhiteElo "1914"]
[BlackElo "1715"]
[PlyCount "40"]
[EventDate "2011.05.07"]

1. e4 e5 2. Nf3 Nc6 3. Bc4 Bc5 4. c3 Nf6 5. d4 exd4 6. cxd4 Bb4+ 7. Nc3 d6 8.
d5 Ne5 9. Qa4+ Bd7 10. Qxb4 a5 11. Qb3 a4 12. Qb4 O-O 13. Nxe5 dxe5 14. Bg5 h6
15. Bxf6 Qxf6 16. Ne2 Bg4 17. Qc3 Qb6 18. O-O Ra5 19. Qxe5 c6 20. Qd4 cxd5 1-0

[Event "XXIX Festival Isola d'Elba A"]
[Site "Capoliveri ITA"]
[Date "2011.05.12"]
[Round "7"]
[White "Friedrich, Norbert"]
[Black "Istratescu, Andrei"]
[Result "0-1"]
[WhiteElo "2305"]
[BlackElo "2623"]
[PlyCount "124"]
[EventDate "2011.05.07"]

1. e4 c5 2. Nf3 d6 3. Bb5+ Nd7 4. O-O Ngf6 5. Re1 a6 6. Bf1 b6 7. d4 cxd4 8.
Nxd4 Bb7 9. c4 g6 10. Nc3 Bg7 11. Bg5 h6 12. Be3 Nxe4 13. Nxe4 Bxe4 14. Bxh6
Rxh6 15. Rxe4 Qc7 16. g3 Rh5 17. Bg2 Rc8 18. Qd2 Re5 19. Nc6 Rxe4 20. Bxe4 Nc5
21. Bg2 Qd7 22. Nb4 Na4 23. Rb1 Rxc4 24. b3 Qf5 25. Re1 Bc3 26. Qe2 Bxe1 27.
Qxe1 Rxb4 28. Qxb4 Qb1+ 29. Bf1 Nc5 30. Qxb6 f5 31. b4 Ne4 32. Qxa6 Nd2 33. Qd3
Qxa2 34. b5 Qb2 35. Kg2 Ne4 36. Be2 d5 37. h4 e6 38. Kg1 Kd7 39. Qe3 d4 40. Qd3
Qc3 41. Qd1 Nc5 42. Bf1 d3 43. Qf3 Qd4 44. h5 d2 45. Be2 gxh5 46. Qxh5 Kd6 47.
Qf3 Ne4 48. Kg2 Nc3 49. Qc6+ Ke7 50. Qc7+ Kf6 51. Bh5 Qd5+ 52. Kh2 Nxb5 53.
Qf7+ Ke5 54. Qg7+ Kd6 55. Qf8+ Kc7 56. Qe7+ Kb6 57. Qe8 Nc3 58. Qb8+ Kc5 59.
Qc7+ Kb4 60. Qb6+ Kc4 61. Qa6+ Kb3 62. Qb6+ Kc2 0-1

[Event "XXIX Festival Isola d'Elba A"]
[Site "Capoliveri ITA"]
[Date "2011.05.12"]
[Round "7"]
[White "Laketic, Gojko"]
[Black "Gromovs, Sergejs"]
[Result "1-0"]
[WhiteElo "2442"]
[BlackElo "2311"]
[PlyCount "125"]
[EventDate "2011.05.07"]

1. d4 Nf6 2. Nf3 e6 3. c4 Bb4+ 4. Nbd2 O-O 5. g3 d5 6. Qc2 b6 7. Bg2 Bb7 8. O-O
Nbd7 9. Ne1 c5 10. dxc5 Rc8 11. Nd3 Bxc5 12. Nxc5 Nxc5 13. b3 dxc4 14. Nxc4 b5
15. Rd1 Nd5 16. Ne3 Na4 17. Qd2 Nac3 18. Re1 b4 19. Nc4 Qf6 20. Nd6 Rc7 21. Bb2
Ba8 22. e4 Qe7 23. Nb5 Nxb5 24. exd5 Nc3 25. d6 Qd7 26. Bxa8 Rxa8 27. a3 Rc6
28. axb4 Nd5 29. Qd4 f6 30. Qe4 Rxd6 31. Bd4 a6 32. Bc5 Rc6 33. Qc4 Nb6 34. Qc1
Qd5 35. Qe3 Qd8 36. Rad1 Nd5 37. Qd4 Qc8 38. Ra1 Qb7 39. Ra5 Rb8 40. Ra4 Qf7
41. Rea1 Qb7 42. h4 h6 43. Qd3 Ra8 44. Qd4 Rb8 45. Qd3 Ra8 46. Qf3 f5 47. Kh2
Nf6 48. Ra5 Ng4+ 49. Kg1 Kh7 50. b5 Rc7 51. Qxb7 Rxb7 52. b4 Rd7 53. bxa6 g5
54. h5 Ne5 55. a7 Nf3+ 56. Kg2 g4 57. Rb5 Rdd8 58. Rb7+ Kg8 59. Be7 Rdc8 60.
Bf6 e5 61. b5 e4 62. b6 e3 63. Re7 1-0

[Event "XXIX Festival Isola d'Elba A"]
[Site "Capoliveri ITA"]
[Date "2011.05.12"]
[Round "7"]
[White "Dittmar, Peter"]
[Black "Bellia, Fabrizio"]
[Result "1/2-1/2"]
[WhiteElo "2307"]
[BlackElo "2415"]
[PlyCount "195"]
[EventDate "2011.05.07"]

1. e4 e5 2. Bc4 Nf6 3. d3 Nc6 4. Nf3 Bc5 5. O-O a6 6. c3 Ba7 7. Nbd2 d6 8. h3
O-O 9. Re1 Na5 10. Bb3 Nxb3 11. axb3 Nh5 12. Nf1 Qf6 13. Be3 Nf4 14. Bxa7 Rxa7
15. Re3 Ra8 16. Ng3 Be6 17. Ne2 Nxe2+ 18. Qxe2 Bxb3 19. c4 a5 20. Nd2 a4 21.
Qg4 Qg6 22. Ree1 Qxg4 23. hxg4 c6 24. Rec1 b5 25. cxb5 cxb5 26. Nxb3 axb3 27.
Rxa8 Rxa8 28. Rc3 b4 29. Rc4 Rb8 30. Rc6 h6 31. Rxd6 Rc8 32. Rb6 Rc2 33. Rxb4
Rxb2 34. Rb8+ Kh7 35. g3 Kg6 36. Kg2 Kf6 37. Kf3 Ke6 38. Ke3 Kd6 39. f4 f6 40.
f5 Kc5 41. Rb7 Kc6 42. Rb8 Rb1 43. Kd2 Rg1 44. Rxb3 Rxg3 45. Rb8 Rxg4 46. Rh8
Kd6 47. Ke3 Ke7 48. d4 exd4+ 49. Kxd4 Rg1 50. Ke3 Rd1 51. Ra8 Rd8 52. Ra7+ Rd7
53. Ra8 Kf7 54. Kf4 Re7 55. Ra4 Kg8 56. Ra8+ Kh7 57. Rf8 Re5 58. Rf7 Re8 59.
Rd7 h5 60. Rd4 Kh6 61. Rc4 Re5 62. Rc8 Kh7 63. Rd8 Ra5 64. Re8 Ra1 65. Re7 Rg1
66. Ra7 Kh6 67. Rb7 Rh1 68. Ra7 Rh3 69. Ra6 Rh4+ 70. Kf3 Rg4 71. Ra7 Rg5 72.
Kf4 Rg1 73. Rb7 Rf1+ 74. Kg3 Re1 75. Kf4 g5+ 76. fxg6 Kxg6 77. Rb5 Rf1+ 78. Kg3
Rg1+ 79. Kf2 Rg4 80. Kf3 Rg5 81. Rb8 Ra5 82. Rg8+ Kf7 83. Rb8 Rg5 84. Kf4 Rg1
85. Rb5 Rh1 86. Ra5 h4 87. Rh5 Ke6 88. Ra5 h3 89. Ra6+ Kf7 90. Kg3 h2 91. Kg2
Re1 92. Kxh2 Rxe4 93. Kg3 Kg6 94. Kf3 Rh4 95. Ra5 f5 96. Ra8 Rb4 97. Rg8+ Kf7
98. Ra8 1/2-1/2

[Event "XXIX Festival Isola d'Elba A"]
[Site "Capoliveri ITA"]
[Date "2011.05.12"]
[Round "7"]
[White "Schaefer, Michael"]
[Black "Paleologu, Vladimir"]
[Result "1/2-1/2"]
[WhiteElo "2248"]
[BlackElo "2152"]
[PlyCount "83"]
[EventDate "2011.05.07"]

1. c4 Nf6 2. Nf3 c5 3. Nc3 e6 4. g3 b6 5. Bg2 Bb7 6. O-O Be7 7. Re1 O-O 8. e4
d6 9. d4 cxd4 10. Nxd4 Ne8 11. Be3 Nd7 12. Rc1 Rc8 13. b3 Qc7 14. f4 Qb8 15. f5
e5 16. Nde2 Nef6 17. Nd5 Bxd5 18. exd5 Ng4 19. Qd2 h6 20. Rb1 b5 21. Nc3 Nxe3
22. Qxe3 Bd8 23. Qe2 bxc4 24. bxc4 Qc7 25. Bf1 a6 26. Ne4 Nc5 27. f6 g6 28. Qf3
Nxe4 29. Rxe4 Qc5+ 30. Kg2 Kh7 31. Bd3 Bb6 32. h4 Rb8 33. h5 Ba7 34. hxg6+ fxg6
35. Rg4 Rxb1 36. Rxg6 Qg1+ 37. Kh3 Qh1+ 38. Kg4 h5+ 39. Kg5 Qxf3 40. Rg7+ Kh8
41. Rh7+ Kg8 42. Rg7+ 1/2-1/2

[Event "XXIX Festival Isola d'Elba A"]
[Site "Capoliveri ITA"]
[Date "2011.05.12"]
[Round "7"]
[White "Guerrini, Donato"]
[Black "Naumkin, Igor"]
[Result "0-1"]
[WhiteElo "2011"]
[BlackElo "2506"]
[PlyCount "54"]
[EventDate "2011.05.07"]

1. Nf3 Nf6 2. g3 d5 3. Bg2 c5 4. c4 d4 5. d3 Nc6 6. Bf4 Nd7 7. Na3 e5 8. Bd2
Be7 9. Nc2 O-O 10. a3 f5 11. b4 e4 12. Ng1 Nf6 13. Nh3 Ne5 14. Bf4 Ng6 15. Bg5
h6 16. Bd2 Rb8 17. bxc5 Bxc5 18. Bb4 b6 19. Rb1 Bb7 20. O-O Qd7 21. Bxc5 bxc5
22. Rb5 Rbc8 23. Qd2 Ba8 24. Nf4 Ne5 25. h4 exd3 26. Bxa8 Rxa8 27. Rxc5 Ne4 0-1

[Event "XXIX Festival Isola d'Elba A"]
[Site "Capoliveri ITA"]
[Date "2011.05.12"]
[Round "7"]
[White "Evangelisti, Claudio R."]
[Black "Facchetti, Gianni"]
[Result "1-0"]
[WhiteElo "2243"]
[BlackElo "2098"]
[PlyCount "73"]
[EventDate "2011.05.07"]

1. Nf3 Nf6 2. d4 d6 3. c4 c6 4. Nc3 Nbd7 5. g3 e5 6. Bg2 Be7 7. O-O O-O 8. Qc2
Qc7 9. Rd1 exd4 10. Nxd4 Ne5 11. b3 Rd8 12. Bb2 Bf8 13. h3 a6 14. Rd2 Ne8 15.
Rad1 g6 16. f4 Nd7 17. Kh2 Bg7 18. e4 Nf8 19. Nf3 f5 20. e5 Be6 21. Ne2 dxe5
22. fxe5 Kh8 23. Nf4 Rxd2 24. Qxd2 Qe7 25. Qa5 c5 26. Qb6 Qc7 27. Qxc7 Nxc7 28.
Ng5 Rb8 29. Rd6 Bg8 30. Rf6 h6 31. Rxf8 hxg5 32. Rxb8 gxf4 33. gxf4 Kh7 34. Rc8
Ne6 35. Bd5 Bf7 36. Bxe6 Bxe6 37. Re8 1-0

[Event "XXIX Festival Isola d'Elba A"]
[Site "Capoliveri ITA"]
[Date "2011.05.12"]
[Round "7"]
[White "Blasco, Domenico"]
[Black "Arigoni, Bruno"]
[Result "1-0"]
[WhiteElo "1939"]
[BlackElo "2071"]
[PlyCount "113"]
[EventDate "2011.05.07"]

1. d4 d5 2. Nf3 Nf6 3. e3 e6 4. Bd3 c5 5. b3 Nc6 6. O-O cxd4 7. exd4 Be7 8. Bb2
Nb4 9. Be2 Qc7 10. c3 Nc6 11. Nbd2 O-O 12. c4 dxc4 13. bxc4 Rd8 14. Rc1 Qf4 15.
Bd3 b6 16. Qe2 Bb7 17. Rfe1 Bb4 18. Qe3 Qg4 19. h3 Qh5 20. Red1 Rac8 21. Ne4
Nxe4 22. Bxe4 Na5 23. Bxb7 Nxb7 24. Ne5 Bd6 25. Qf3 Qxf3 26. Nxf3 Na5 27. c5
Bf4 28. Rb1 Nc4 29. cxb6 axb6 30. Bc1 Bd6 31. g3 Be7 32. Bf4 f6 33. Kg2 g5 34.
Be3 Ra8 35. Nd2 Nxe3+ 36. fxe3 Rxa2 37. Rxb6 Rc8 38. Kf3 Rcc2 39. Ke2 Kf7 40.
Kd3 Rc7 41. Rdb1 Rcc2 42. Nc4 Rh2 43. Rb7 f5 44. Rd7 Kf6 45. Rbb7 Ra1 46. Rxe7
Rd1+ 47. Kc3 Rc1+ 48. Kb4 Rb1+ 49. Kc5 Rxb7 50. Rxb7 Kg6 51. Ne5+ Kh6 52. Re7
Rxh3 53. Rxe6+ Kh5 54. d5 Rxg3 55. d6 Rg1 56. d7 Rc1+ 57. Kd4 1-0

[Event "XXIX Festival Isola d'Elba A"]
[Site "Capoliveri ITA"]
[Date "2011.05.12"]
[Round "7"]
[White "Horton-Kitchlew, Andrew"]
[Black "Fantana, Marin-Dumitru"]
[Result "1-0"]
[WhiteElo "2100"]
[BlackElo "1914"]
[PlyCount "91"]
[EventDate "2011.05.07"]

1. b3 d5 2. h4 e5 3. Bb2 Nc6 4. e3 Bd6 5. g4 Be6 6. f4 d4 7. f5 Bd5 8. Nf3 Qe7
9. c4 Bxf3 10. Qxf3 O-O-O 11. Bg2 Re8 12. e4 Nb4 13. Na3 a6 14. Bf1 h6 15. Kd1
Nf6 16. Nc2 Nc6 17. a3 Qd7 18. b4 Na7 19. c5 Be7 20. Bc4 Ref8 21. Rg1 Qc6 22.
d3 Qa4 23. Kd2 Nd7 24. Qg3 Qc6 25. a4 Qf6 26. g5 hxg5 27. hxg5 Qxg5+ 28. Qxg5
Bxg5+ 29. Rxg5 Rh2+ 30. Kd1 Rfh8 31. Rxg7 Rf2 32. Bc1 Nc6 33. Bxf7 Nxb4 34. Ne1
Nxc5 35. Rg8+ Rxg8 36. Bxg8 Nbxd3 37. Nxd3 Nxd3 38. Be6+ Kb8 39. Bc4 Nc5 40.
Ke1 Rh2 41. f6 Nxe4 42. f7 Rh8 43. Ba3 Nd6 44. Bxd6 cxd6 45. Ke2 Kc7 46. Rg1
1-0